02252agaaa2200289 45000010005000000030009000050050017000140070009000310080040000400400023000800410013001031000053001161300025001692450193001942500022003872600144004093000034005535080154005875110087007415200861008285380016016895460013017056500056017187000065017747000067018397000056019062808IT-RoPAU20220918181232.0d cvaizq50131s9999||||xx ||| | || ||und|| aIT-RoPAUcIT-RoPAU aITALIANO aArchibugi FrancescagCodice regista SPICS: 33435 aGRANDE COCOMERO (IL) aGRANDE COCOMERO (IL)cProdotto da: Pescarolo De Lauren -- Sceneggiatura: Archibugi Francesca -- Diretto da: Archibugi FrancescapGRANDE COCOMERO (IL) (Rif. Codice opera principale : C2808) aEdizione Standard aROMA - PARIGI (ITALIA)bELLEPI FILM - RAI TRE - CHRYSALIDE / Distribuzione: SKORPION VIDEOg"1993 (1° ed.: 1993 ; Ed. Lingua Orig.: 1993)" aVHSbsonoro, col.c105 minuti a"Fotografia: Carnera Paolo; Montaggio: Missiroli Roberto; Musica: Gatto Roberto; Sceneggiatura: Archibugi Francesca; Scenografia: Borgognoni Livia; " a"Castellitto Sergio; Galiena Anna; Fugardi Alessia; Reder Gigi; De; Razza Armando" aAL REPARTO DI NEUROPSICHIATRIA INFANTILE DEL POLICLINICO DI ROMA VIENE RICOVERATA UNA BAMBINA DI NOME VALENTINA DETTA PIPPI A SEGUITO DI UNA DELLE RICORRENTI CRISI EPILETTICHE. VIENE AFFIDATA AD UN GIOVANE PSICHIATRA DEL REAPRTO DI NOME ARTURO CHE DECIDE DI ATTUARE UNA TERAPIA SPERIMENTALE. NELL'OSPEDALE NONOSTANTE I PROBLEMI ORGANIZZATIVI DI STRUTTURA E PERSONALE PIPPI TROVA UN AMBIENTE AFFETTIVO SOPRATTUTTO CON ARTURO CHE LA INDUCE AD APRIRSI E A TENTARE ANCHE NUOVE RELAZIONI COME UN'ALTRA PICCOLA PAZIENTE DI SEI ANNI DI CUI PIPPI DIVENTA UNA TREPIDA MAESTRA. LA RIPERCUSSIONE DELLA MORTE DELLA PICCOLA AMICA SU PIPPI E' VIOLENTISSIMA E DEFINITIVA: PER DIMOSTRARE ADARTURO IL SUO DOLORE SI AUTOINDUCE UNA CRISI EPILETTICA SVELANDO COSI' IL SUO MECCANISMO EMOTIVO E DANDO LE CHIAVI DELLA SUA PERSONA E DELLA SUA GAURIGIONE. FILM DRAMMATICO A COLORI. aPAL, STEREO aITALIANO aDRAMMATICOeFILMS [VHS]xCodice MATERIA SPICS: 9960 aArchibugi Francesca e(regista)gCodice regista SPICS: 33435 aArchibugi Francesca e(soggetto)gCodice Soggetto SPICS: 33435 aGatto Robertoe(musica)gCodice Musica SPICS: 33437